Les villes les plus peuplées du Doubs - Statistiques

Statistiques générales
  • Ce quiz a été pris 249 fois
  • Le résultat moyen est 9 sur 20
Statistiques - réponses
Population Ville % Correct
117 691 Besançon
99%
27 566 Montbéliard
90%
18 357 Pontarlier
90%
6 381 Morteau
74%
4 495 Sochaux
57%
15 537 Audincourt
56%
4 028 Valdahon
56%
5 187 Baume-les-Dames
52%
3 976 Maîche
44%
4 035 Ornans
44%
4 379 Saint-Vit
41%
12 473 Valentigney
39%
4 783 Pont-de-Roide
30%
5 749 Seloncourt
27%
6 847 Bethoncourt
23%
3 938 Hérimoncourt
21%
3 913 Bavans
20%
5 407 Grand-Charmont
19%
5 162 Mandeure
18%
4 194 Villers-le-Lac
18%
Aucun quiz correspondant
Distribution des résultats
% des personnes avec chaque résultat
Percentile par nombre de réponses
Votre historique - résultats
Vous n’avez pas pris ce quiz